Discursos leídos en la Junta Pública del martes 1 de diciembre de 1953 acerca de la integración económica de la Europa Occidental / (Registro nro. 25375)

Detalles MARC
000 -LEADER
campo de control de longitud fija 00923nam a2200217 i 4500
001 - NÚMERO DE CONTROL
campo de control 25375
003 - IDENTIFICADOR DE NÚMERO DE CONTROL
campo de control ES-MaACL
005 - FECHA Y HORA DE LA ÚLTIMA TRANSACCIÓN
campo de control 20231227155437.0
007 - CAMPO FIJO DE DESCRIPCIÓN FÍSICA--INFORMACIÓN GENERAL
campo de control de longitud fija t|
008 - DATOS DE LONGITUD FIJA--INFORMACIÓN GENERAL
campo de control de longitud fija 021226s1953 sp |||| | spa d
100 1# - ENTRADA PRINCIPAL--NOMBRE DE PERSONA
Nombre de persona Argente, Baldomero,
Fechas asociadas al nombre 1877-1965
9 (RLIN) 22691
245 10 - MENCIÓN DEL TÍTULO
Título Discursos leídos en la Junta Pública del martes 1 de diciembre de 1953 acerca de la integración económica de la Europa Occidental /
Mención de responsabilidad, etc. Baldomero Argente del Castillo, Lorenzo Víctor Paret, Valentín Andrés Álvarez.
260 ## - PUBLICACIÓN, DISTRIBUCIÓN, ETC.
Lugar de publicación, distribución, etc. Madrid :
Nombre del editor, distribuidor, etc. Real Academia de Ciencias Morales y Políticas,
Fecha de publicación, distribución, etc. 1953.
300 ## - DESCRIPCIÓN FÍSICA
Extensión 65 p. ;
Dimensiones 24 cm.
651 #4 - PUNTO DE ACCESO ADICIONAL DE MATERIA--NOMBRE GEOGRÁFICO
Nombre geográfico Europa-
Subdivisión general Integración económica.
9 (RLIN) 8616
700 1# - ENTRADA AGREGADA--NOMBRE PERSONAL
Nombre de persona Paret, Lorenzo Víctor.
9 (RLIN) 89109
700 1# - ENTRADA AGREGADA--NOMBRE PERSONAL
Nombre de persona Andrés Álvarez, Valentín,
Fechas asociadas al nombre 1891-1982
9 (RLIN) 174884
710 2# - ENTRADA AGREGADA--NOMBRE DE ENTIDAD CORPORATIVA
Nombre de entidad corporativa o nombre de jurisdicción como elemento de entrada Real Academia de Ciencias Morales y Políticas (España)
9 (RLIN) 222050
852 4# - LOCALIZACIÓN
Ubicación ES-MaACL
Número de control de estantería 1961-F-19
Existencias
Estatus retirado Estado de pérdida Estado de daño No para préstamo Colección Biblioteca de origen Biblioteca actual Ubicación en estantería Fecha de adquisición Fuente de adquisición Total de préstamos Signatura topográfica completa Código de barras Visto por última vez Precio de reemplazo Tipo de ítem Koha
        Colección de folletos Biblioteca del Ateneo de Madrid Biblioteca del Ateneo de Madrid Depósito folletos 17/01/2008     1961-F-19 1026160 23/02/2023 23/02/2023 Folleto